[Event "Olympiad-36"]
[Site "Mallorca"]
[Date "2004.10.16"]
[Round "2"]
[White "Quesada Perez, Yuniesky"]
[Black "Kristjansson, Stefan"]
[Result "1-0"]
[WhiteElo "2513"]
[BlackElo "2444"]
[Annotator "Finkel,A"]
[PlyCount "61"]
[EventDate "2004.10.15"]
[EventType "team-swiss"]
[EventRounds "14"]
[EventCountry "ESP"]
[SourceTitle "CBM 104"]
[Source "ChessBase"]
[SourceDate "2005.01.27"]
[SourceVersion "1"]
[SourceVersionDate "2005.01.27"]
[SourceQuality "1"]
[WhiteTeam "Cuba"]
[BlackTeam "Iceland"]
[WhiteTeamCountry "CUB"]
[BlackTeamCountry "ISL"]

1. e4 e6 2. d4 d5 3. Nc3 Bb4 4. e5 Ne7 5. a3 Bxc3+ 6. bxc3 b6 7. Qg4 Ng6 8. h4
h5 9. Qd1 Ba6 10. Bxa6 Nxa6 11. Bg5 f6 {Quite agressive approach by black. In
my opinion this move promises black more counterchances than the solid 11...
Qd7, but it's most definitly the more risky one.} 12. Qd3 Kf7 13. Rh3 {This is
probably white's best shot, since other continuations don't seem to give white
any opening advantage.} (13. Qxa6 fxg5 14. hxg5 Qxg5 15. Kf1 Nh4 16. g3 Nf5 17.
Nf3 Qg4 18. Qd3 Raf8 19. Nh4 {1/2-1/2 Zuckerman,B-Byrne,R/New York 1965}) (13.
exf6 gxf6 14. Bd2 Nb8 15. Nf3 Qd6 16. O-O Nc6 17. c4 dxc4 18. Qxc4 Nce7 19.
Rfe1 $14 {Kaufman,L-Fritzinger,D/Aspen 1968}) (13. Nf3 Nb8 14. O-O Nc6 15. Rfe1
Qd7 16. Re3 Rae8 17. Rae1 Re7 $13 {Sokolov,A-Bauer,C/Switzerland 2002}) 13...
Nb8 (13... Qc8 $2 {Finkel,A} 14. exf6 gxf6 15. Rf3 f5 16. Rg3 c6 17. Nf3 Nc7
18. Bf4 $1 $18 {Nunn,J-De Jong,M/Leeuwarden 1995}) 14. exf6 $1 {In the latest
game played in this line white tried to challenge black's set up by 14.Kf1,
but it proved to be insufficeint.} (14. Kf1 $6 {[%cal Ga1e1]} Nd7 15. Re1 Qe7 (
{There was no point in taking on g5:} 15... fxg5 16. Rf3+ Nf4 17. hxg5 Qxg5 18.
g3 Kg8 19. Rxf4 Rf8 20. Nh3 Qe7 21. c4 h4 22. Kg2 $14) 16. Rf3 c5 17. c4 $5
cxd4 18. exf6 gxf6 19. cxd5 e5 $132 {Yagupov,I-Rustemov,A,2004}) (14. Rf3 Nd7
15. Nh3 Ndxe5 16. dxe5 Nxe5 17. Qe2 Nxf3+ 18. Qxf3 Qd6 19. Kf1 e5 20. Be3 Rad8
$15 {Gongora,M-Schussler,H/Havana 1999}) 14... gxf6 15. Rf3 Nd7 16. Nh3 Qe7 17.
Kf1 $1 {[%cal Ga1e1] Bringing the rook to e1 is an important part of white's
plan.} (17. Nf4 $6 Nxf4 18. Bxf4 c5 19. Kf1 c4 20. Qd1 Rag8 21. a4 Rg4 $15 {
Naiditsch,A-Potkin,V/Istanbul 2003}) 17... e5 (17... Rag8 18. Re1 Ke8 19. Nf4
Nxf4 20. Bxf4 c6 (20... Nf8 $2 21. Qa6 c6 22. c4 Qd7 23. cxd5 cxd5 24. Rc3 $18
{Kriventsov,S-Formanek,E/Penn State 2002}) 21. c4 $14 {Berndt,S-Mueller,K/
Germany 2000}) 18. Qb5 {White succeeded to score a very convincing win after
18.Qf5, but I doubt this move promises white any advantage.} (18. Qf5 $5 Rae8
$6 (18... Kg7 $5) 19. dxe5 Ngxe5 20. Re1 Qc5 21. Bxf6 Qb5+ 22. c4 Qxc4+ 23. Re2
$18 {Smikovski,I-Potkin,V/Togliatti 2003}) 18... e4 $1 19. Re1 ({Black would
get better chances after} 19. Qxd5+ $6 Qe6 20. Qxe6+ Kxe6 21. Re1 fxg5 22.
Nxg5+ Kd5 23. Rxe4 Raf8 $15 {and 3 pawns hardly compensate white for the lack
of the piece.}) 19... Qd6 (19... c5 $2 20. Qc6 $1 Qe6 21. Qc7 exf3 22. Rxe6
fxg2+ 23. Kxg2 Kxe6 24. Qc6+ Ke7 25. Nf4 $16) 20. Bf4 c6 $6 {Opening up the
seventh rank isn't a good idea since in some lines white queen may penitrate
to b7 and cause black troubles.} (20... Nxf4 $142 $5 21. Rxf4 Nf8 {[%csl Rf4]}
22. Qb3 Ne6 23. Rf5 c6 24. f3 e3 25. Rxe3 Rae8 $40 {[%cal Gd6h2,Ge6d4]}) 21.
Qa6 Nxf4 22. Rxf4 b5 $2 {Playing into white's hands.} (22... Qc7 $5 23. c4 Nf8
24. cxd5 cxd5 25. c4 (25. Qb5 Rd8 26. Qb3 Kg7 27. Re3 Ne6 28. Rexe4 Rhe8 29.
Qg3+ Kh7 30. Rxe6 Rxe6 31. Qf3 $13) 25... Ng6 26. Rf5 Ne7 27. Rf4 Ng6 $11) 23.
a4 $1 bxa4 24. c4 $16 {All of a sudden white gets very dangerous initiative.}
Qb4 (24... Qc7) 25. Qxc6 Qxc4+ 26. Qxc4 dxc4 27. Ng5+ Kg6 28. Nxe4 Rab8 (28...
Rhe8 29. Ra1 Re6 30. Rxa4 Rae8 31. f3 Nb6 32. Ra5 {[%csl Gd5]} Rd8 33. g4 $16)
29. Rf3 $1 {[%csl Rg6] White continues his attack.} Rb2 $2 ({The last chance
to put up some resistance was} 29... Rb6 $8 {taking square d6 under control.})
30. Rg3+ Kh6 31. Nd6 1-0

[Event "St Petersburg White Nights"]
[Site "St Petersburg"]
[Date "1999.07.01"]
[Round "6"]
[White "Solovjov, Sergey"]
[Black "Kruppa, Yuri"]
[Result "1/2-1/2"]
[WhiteElo "2447"]
[BlackElo "2561"]
[Annotator "Finkel,A"]
[PlyCount "88"]
[EventDate "1999.06.26"]
[EventType "tourn"]
[EventRounds "9"]
[EventCountry "RUS"]
[EventCategory "8"]
[SourceTitle "CBM 072"]
[Source "ChessBase"]
[SourceDate "1999.10.01"]
[SourceVersion "1"]
[SourceVersionDate "1999.10.01"]
[SourceQuality "1"]

1. e4 e6 2. d4 d5 3. Nc3 Bb4 4. e5 b6 5. Qg4 Bf8 6. Bg5 Qd7 7. Nf3 h6 (7... Ba6
$5 8. Bxa6 Nxa6 9. a3 h6 10. Qh4 $6 Ne7 11. Bxe7 Bxe7 12. Qg3 g6 13. h4 h5 14.
Qf4 c5 15. O-O Rc8 $36 {Ozola,A-Kausilaite,V/URS-chT 1975}) (7... h5 8. Qg3 Ne7
9. Bd3 Ba6 10. Nh4 Bxd3 11. Qxd3 Nbc6 12. Ne2 g6 $13 {Egede Nissen,
H-Hjartarson,J/Troll Masters 1984}) (7... Nc6 8. a3 Bb7 9. Bd3 h6 10. Bd2 O-O-O
11. h4 Nge7 12. O-O-O f5 13. exf6 gxf6 14. Rde1 $14 {Tal,M-Padevsky,N/Moscow
1963}) 8. Be3 (8. Qh3 Nc6 9. O-O-O Bb7 10. g4 a6 11. Be3 Nge7 12. Ne1 Na7 13.
f4 O-O-O 14. Bd3 $13 {Gross,S-Chernin,A/Feldbach op 1997}) (8. Bd2 Ba6 9. Bxa6
Nxa6 10. O-O Ne7 11. Nd1 Nf5 12. Ne3 Nxe3 13. fxe3 $36 {Rubinetti,J-Floridia,P/
Siegen olm 1970}) (8. Bh4 Ba6 9. Bxa6 Nxa6 10. O-O c6 11. Nd1 Nc7 12. Ne3 Rh7
13. c4 Ne7 14. Bxe7 Bxe7 15. Rac1 O-O-O $11 {Hazai,L-Dizdar,G/Tuzla 1983}) 8...
Ne7 9. Qh5 Ba6 10. g4 Bxf1 11. Rxf1 Nbc6 (11... g6 12. Qh4 Bg7 13. O-O-O Nbc6
14. h3 O-O-O $11) 12. O-O-O Na5 13. Kb1 Nec6 14. Nd2 {[%cal Gf2f5]} O-O-O 15.
f4 $6 ({It was nessasary to prepare the advance of the f-pawn by} 15. Qh3 $5 g6
16. Qg2 h5 17. h3 $13 {and only the to push it forward.}) 15... g6 16. Qh3 Bb4
(16... h5 $5 17. f5 Bb4 18. fxg6 fxg6 19. g5 Ne7 20. Rf6 Bxc3 21. bxc3 Nf5 22.
Rxg6 Qb5+ $44 {[%csl Rb1]}) 17. Ne2 h5 18. c3 Be7 19. f5 $6 {It was better to
close the kingside with} (19. g5 $15) 19... hxg4 20. fxe6 Rxh3 (20... Qxe6 $6
21. Qg2 Rh7 22. Nf4 Qd7 23. Rg1 Bf8 24. Nf1 Nc4 25. Bc1 $44) 21. exd7+ Rxd7 22.
Bf4 Nd8 23. b4 Nac6 24. Bg3 Bg5 25. Nf4 Rh7 26. Nb3 Bxf4 $2 {A move,which is
not so easy to understand:black gives up the bishop in addition giving back
the pawn.After simple} (26... Ne7 $17 {white is in troubles.}) 27. Rxf4 Ne7 28.
Rxg4 Nf5 29. Rf4 Ne6 30. Rf2 Ng5 (30... Rh3 31. Rg1 Rd8 32. Kc2 Rdh8 33. Nd2 c6
34. Kd3 Kd7 35. a4 $13) 31. Nd2 Rh3 32. Rg1 Rd8 33. Bh4 $1 $11 {Now the worst
is over.} Rxh4 34. Rxg5 Rdh8 35. Nf1 Kd7 36. Ng3 Nh6 (36... Rxh2 37. Rxh2 Rxh2
38. Nxf5 gxf5 39. Rxf5 Ke7 40. b5 $5 $11) 37. Ne2 Nf5 38. Ng3 Nxg3 39. Rxg3 Ke7
40. Rgf3 R8h7 41. Rf6 Rxh2 42. Rxf7+ Rxf7 43. Rxh2 Ke6 44. Kc2 g5 1/2-1/2

[Event "Olympiad-36"]
[Site "Mallorca"]
[Date "2004.10.20"]
[Round "6"]
[White "Mateo, Ramon"]
[Black "Rodriguez Vila, Andres"]
[Result "1-0"]
[WhiteElo "2453"]
[BlackElo "2533"]
[Annotator "Finkel,A"]
[PlyCount "85"]
[EventDate "2004.10.15"]
[EventType "team-swiss"]
[EventRounds "14"]
[EventCountry "ESP"]
[SourceTitle "CBM 104"]
[Source "ChessBase"]
[SourceDate "2005.01.27"]
[SourceVersion "1"]
[SourceVersionDate "2005.01.27"]
[SourceQuality "1"]
[WhiteTeam "Dominican Rep"]
[BlackTeam "Uruguay"]
[WhiteTeamCountry "DOM"]
[BlackTeamCountry "URU"]

1. e4 e6 2. d4 d5 3. Nc3 Bb4 4. e5 Ne7 5. a3 Bxc3+ 6. bxc3 b6 7. Qg4 Kf8 (7...
Ng6 8. h4 h5 9. Qg3) 8. h4 c5 9. h5 h6 10. Rh3 Qc7 (10... Ba6 11. Bxa6 (11. Ne2
Qd7 12. Rf3 Nf5 13. Qf4 cxd4 14. cxd4 Nc6 15. c3 Na5 16. Rb1 Rc8 17. g4 $16 {
Bolado Saez,S-Garcia Carbo,M/Padron 2004}) 11... Nxa6 12. Qe2 Qc8 13. Bd2 cxd4
14. cxd4 Qc4 $11 {Pirttimaki,T-Hansen,C/Uzhgorod 1988}) 11. Bd2 $5 {Very good
and natural move which appears to be a novelty.} (11. Kd1 Nbc6 12. Qf4 Bd7 13.
Rf3 Be8 14. g4 cxd4 15. cxd4 b5 16. Bd3 Nd8 17. Ne2 $16 {Khlusevich,S-Sliwa,B/
Russia 1993}) (11. Rf3 cxd4 12. Qf4 Nf5 13. Ne2 Ba6 14. cxd4 Nc6 15. Bb2 Kg8
16. g4 Nh4 17. Rc3 $14 {Ginzburg,M-Rodriguez,A/Buenos Aires 1994}) (11. Qd1 Ba6
12. g4 Bxf1 13. Kxf1 Nbc6 14. Kg2 Ke8 15. Ne2 cxd4 16. cxd4 Na5 $13 {Senff,
M-Bukal,V/Paks 1997}) 11... Ba6 ({Of course not} 11... cxd4 12. cxd4 Qxc2 $4
13. Rc1 $18) 12. Rf3 cxd4 13. cxd4 Bxf1 14. Kxf1 Nbc6 $2 {A blunder which
could end the game right after the opening!} (14... Kg8) 15. Bb4 $2 {Amazingly
white misses the chance to win a pawn and most probably the game!} (15. Qxe6
Nd8 16. Qd6 Qxc2 17. Bb4 $18) 15... Kg8 {After this move thing "get back to
normal".} 16. Qf4 {After missing the chance to win after blck's blunder white
has got to win the game again!} Nf5 17. Ne2 a5 18. Bd6 (18. Bd2 Rf8 19. Rb1 Kh7
20. Rfb3 Rhg8 21. Rxb6 Nb4 22. Rb5 Qxc2 23. Rc1 Qd3 24. Rxa5 Nc2 $132) 18...
Qa7 19. g4 Nxd6 20. exd6 f6 $6 {Dubious decision after which white gets very
comfortable advantage due to the control over the very crucial square b5.} (
20... b5 $142 $5) 21. Rb1 Kf7 22. Nc3 Rhd8 23. Nb5 $16 Qd7 24. g5 hxg5 25. Qxg5
{[%cal Gh5h6]} Rh8 26. Qg6+ Kg8 27. Rg3 Rf8 28. c4 $6 (28. h6 Rf7 29. Nc7 Nxd4
30. Rxb6 $18) 28... dxc4 29. Rc1 Rh7 30. h6 Rf7 31. Rxc4 f5 (31... e5 32. d5
Nd8 33. a4 $18) 32. a4 $1 {Protecting the knight.} f4 33. Rg1 e5 34. d5 Qh3+
35. Ke1 Rxh6 36. Qg4 $2 (36. Qxh6 $1 Qxh6 37. dxc6 Qe6 38. Rc3 Rf8 39. d7 $18)
36... Qxg4 37. Rxg4 Na7 $2 {Losing on the spot, while ater correct} (37... Nb8
38. Rc8+ Rf8 39. Rc7 Rf7 $14 {the outcome of the game is far from being clear.}
) 38. Nxa7 $18 Rxd6 (38... Rxa7 39. Rc8+ Kh7 40. Rc7 Ra8 41. Rgxg7+ Kh8 42. d7
$18) 39. Rc8+ Kh7 40. Nc6 Rxd5 41. Re8 f3 42. Nxe5 Rf6 43. Re7 1-0

[Event "Poikovsky Karpov 06th"]
[Site "Poikovsky"]
[Date "2005.03.07"]
[Round "9"]
[White "Grischuk, Alexander"]
[Black "Vaganian, Rafael A"]
[Result "1/2-1/2"]
[WhiteElo "2710"]
[BlackElo "2670"]
[Annotator "Finkel,A"]
[PlyCount "57"]
[EventDate "2005.02.26"]
[EventType "tourn"]
[EventRounds "9"]
[EventCountry "RUS"]
[EventCategory "18"]
[SourceTitle "CBM 106"]
[Source "ChessBase"]
[SourceDate "2005.06.06"]
[SourceVersion "1"]
[SourceVersionDate "2005.06.06"]
[SourceQuality "1"]

1. e4 e6 2. d4 d5 3. Nc3 Bb4 4. e5 b6 5. a3 Bf8 {Vaganian uses this solid, but
a very passive line occasionaly.} 6. Nf3 (6. Bb5+) (6. f4) 6... Ba6 7. Bxa6
Nxa6 8. Qd3 Nb8 9. Ne2 Ne7 (9... c5 10. c4 Ne7 11. O-O Nbc6 12. Bg5 Rb8 13.
dxc5 bxc5 14. Rfd1 Qc7 15. Nc3 $14 {Zhelnin,V-Skomorokhin,R/Sumperk 1990}) (
9... Qd7 10. O-O c5 11. c4 Ne7 12. Nf4 cxd4 13. Nxd4 dxc4 14. Qxc4 Nec6 15. Nf3
g6 16. Bd2 $14 {Rigo,J-Zaja,I/Porto San Giorgio 2002}) 10. O-O Qd7 11. Bd2 {
White's plan in this line is to push c4 at some point. Black knight is usualy
heading for f5, so white prefers to keep the bishop on d2.} (11. Be3 Nbc6 12.
Rfc1 g6 (12... Na5 $6 13. b3 Nf5 14. Bd2 Nb7 15. c4 c6 16. cxd5 cxd5 17. Rc2
$16 {Fogarasi,T-Kartarosian,O/Budapest 2004}) 13. h4 h5 14. c4 Bg7 15. Nf4 O-O
16. cxd5 $14 {Korneev,O-Johansen,D/Catalan Bay 2003}) (11. Ng3 h5 12. Bg5 Ng6
13. c4 c6 14. Rac1 h4 15. Ne2 dxc4 16. Qxc4 Be7 17. h3 $14 {Rytshagov,M-Kiik,K/
Tallinn 2000}) 11... Nbc6 12. Rfc1 g6 $5 13. c4 Bg7 14. c5 $14 {White keeps
better chances after the move in the game, but black's defensive task would've
been more difficul had white played} (14. Nf4 O-O (14... dxc4 15. Rxc4 Rd8 (
15... Nd5 16. Nxd5 exd5 17. Rc2 Nd8 18. Rac1 c6 19. Bb4 $36) 16. Rac1 Nxe5 17.
dxe5 Qxd3 18. Nxd3 Rxd3 19. Rxc7 $16) 15. cxd5 exd5 (15... Nxd5 16. Nxd5 Qxd5
17. Qc4 $16 {[%csl Rc7]}) 16. b4 Nd8 17. b5 {[%cal Gd2b4]} Ne6 18. Rc2 $14)
14... O-O 15. b4 a6 16. Bg5 ({Nothing promises} 16. a4 {[%csl Rb4]} bxc5 17.
Rxc5 Rfb8 18. Rb1 Ra7 {[%cal Ga7b7]} 19. b5 axb5 20. Rcxb5 Rba8 21. Nc3 Nc8
$132) 16... b5 17. Bf6 Kh8 18. g4 $6 {This natural move proves to be
inaccuracy depriving white an advantage.} (18. Nf4 $5 Bxf6 19. exf6 Ng8 20. Ne5
Qe8 21. Qe3 a5 22. Nxc6 Qxc6 23. Qe5 $36 {[%csl Rg8,Rh8]}) 18... Ng8 {Forcing
white to play g5.} 19. g5 a5 $5 20. Qxb5 Rfb8 21. Qd3 axb4 22. axb4 Nxb4 23.
Qd2 Nc6 24. Kg2 $6 (24. Qf4) 24... h5 $1 $11 {[%cal Gg8e7,Ge7f5]} 25. Qc3 Nge7
26. Rxa8 Rxa8 27. Ra1 Qc8 28. Bxe7 Nxe7 29. Ng3 1/2-1/2

[Event "Manhattan March Int"]
[Site "New York"]
[Date "1999.03.10"]
[Round "5"]
[White "Ady, Jonathan James"]
[Black "Timoshenko, Georgy"]
[Result "0-1"]
[WhiteElo "2412"]
[BlackElo "2592"]
[Annotator "Finkel,A"]
[PlyCount "74"]
[EventDate "1999.03.05"]
[EventType "tourn"]
[EventRounds "9"]
[EventCountry "USA"]
[EventCategory "10"]
[SourceTitle "CBM 070"]
[Source "ChessBase"]
[SourceDate "1999.06.08"]
[SourceVersion "1"]
[SourceVersionDate "1999.06.08"]
[SourceQuality "1"]

1. e4 e6 2. d4 d5 3. Nc3 Bb4 4. e5 Ne7 5. a3 Bxc3+ 6. bxc3 b6 7. Qg4 Ng6 8. h4
h5 9. Qd1 Ba6 10. Bg5 (10. Bxa6 Nxa6 11. a4 (11. Ne2 $5 Nxh4 12. Qd3 Nb8 13. c4
Ng6 14. Nc3 Qd7 15. cxd5 exd5 16. Bg5 Nc6 17. O-O-O $44 {Loskutov,O-Nenashev,A/
RUS-Cup1 Chigorin mem 1996 (43)}) 11... Nb8 12. a5 $6 Nc6 13. axb6 cxb6 14. Ne2
Na5 15. Ng3 Qc7 16. Ra3 Nc4 17. Rb3 a5 18. Kf1 a4 $15 {Van der Vorm,T-Rogers,I/
Biel op 1992 (42)}) 10... Qc8 (10... Qd7 11. Bxa6 Nxa6 12. Ne2 Qc6 13. O-O Kd7
(13... Nb8 14. f4 Nd7 15. Qd3 Ndf8 16. f5 exf5 17. Rxf5 $14 {Portisch,L-Ivkov,
B/Zagreb 1965 (29)}) 14. f4 Raf8 15. f5 exf5 16. Qd3 $14 {1/2-1/2 Abramovic,
B-Vaganian,R/Moscow 1982} (16. Qd3 Nb8 17. Rxf5 f6 18. Qh3 Ke8 19. exf6 gxf6
20. Nf4 Nxf4 21. Bxf4 $14 {Abramovic,B-Lputian,S/Erevan 1982 (37)})) 11. Be2 $1
{[%csl Rh5]} (11. Bxa6 Qxa6 12. Ne2 Qc4 13. Rh3 c5 14. Qd2 Nc6 15. f4 Nge7 16.
Bxe7 Nxe7 17. Qd3 Qxd3 18. cxd3 Kd7 $11 {Ortega,R-Fuchs,R/Rubinstein mem 1965})
11... c5 12. Rh3 $1 Nc6 $5 ({Also after} 12... Bxe2 $6 13. Nxe2 Nc6 14. Ng3 {
[%csl Rh5]} Rh7 15. Nxh5 cxd4 16. cxd4 Nxd4 17. Nxg7+ Rxg7 18. Qxd4 Qxc2 19. h5
$16 {black has extremly dangerous position,but at least the material is
balnced!}) 13. Bxh5 Rxh5 $5 {The only chanse to get counterplay.} 14. Qxh5 cxd4
15. Ne2 ({Serious attention deserved} 15. Qh7 $5 Ncxe5 16. cxd4 Nd3+ $1 17. Kd2
$1 (17. Rxd3 Bxd3 18. Qg8+ Nf8 19. Bd2 Qxc2 20. Nf3 Qb2 21. Rc1 $13) 17... Nxf2
18. Qg8+ Nf8 19. Rf3 Ne4+ 20. Kc1 Qc7 21. Qxg7 Rc8 22. Ra2 $16 {with huge
advantage.}) 15... Ncxe5 16. cxd4 Nc6 17. O-O-O $5 (17. Rd1 $1 $16) 17... Qc7
18. Re3 (18. Nf4 $2 Nxf4 19. Qh8+ Kd7 20. Qxa8 Nxh3 21. gxh3 Nb8 $1 $19 {
[%csl Ra8][%cal Ga6b5,Gb5c6]}) 18... Rc8 19. Rd2 (19. Rxe6+ $6 fxe6 20. Qxg6+
Qf7 21. Qxf7+ Kxf7 22. Nf4 $14) 19... Nf8 20. Nf4 $6 {After this move white
still keeps very significient advantage,but he had even better opportunity:} (
20. Qh8 $1 Bxe2 (20... f6 21. Rxe6+ Kf7 22. Bf4 Qd7 23. Re3 Qf5 24. g4 $1 $18)
(20... Ne7 21. Bxe7 Qxe7 22. Qxg7 Qxh4 23. Ng3 $18) 21. Rexe2 Na5 22. Rd3 $1 {
[%csl Rc3]} Qc4 23. Kd1 g6 24. h5 $18 {with winning position.}) 20... Qd6 21.
Rd1 (21. Qh8 $1) 21... Ne7 22. Bxe7 Qxf4 23. Bxf8 Kxf8 24. Qf3 $6 {The turning
point in the game:in the begining white wastes his advantage and then manages
to lose drawn position.} (24. Rd2 $5 $16) (24. Qh8+ $6 Ke7 25. Qxg7 Rxc2+ $1
26. Kxc2 Qxf2+ 27. Kb1 Qxe3 28. Qg5+ Qxg5 29. hxg5 $14) 24... Qxf3 {If the
previous move of white was inaccuracy this one is mistake after which white
finds himself on defensive and influensed by this blunder plays an endgame
very poorly.} 25. Rxf3 $2 (25. gxf3 Ke7 26. Rg1 g6 27. Kd2 Rc4 28. c3 Bb5 29.
Rg5 Kf6 $14) 25... Be2 $15 {[%cal Ge2d1,Ge2f3]} 26. Rdd3 (26. Re3 $5 Bxd1 27.
Kxd1 Rc4 28. Rd3 Ke7 29. g4 Kf6 $15) 26... Rc4 27. c3 $6 (27. Rfe3) 27... g6
28. Kb2 b5 29. Rde3 $2 (29. g4 Kg7 (29... a5 30. h5 Bxf3 31. Rxf3 gxh5 32. gxh5
b4 (32... Kg7 33. h6+ Kxh6 34. Rxf7 b4 $11) 33. h6 Kg8 34. h7+ $11) 30. Rfe3
Bxd3 31. Rxd3 a5 32. Kb3 f6 $15) 29... Bxf3 30. Rxf3 a5 31. Re3 $2 (31. Rd3)
31... b4 $17 {[%csl Rd4]} 32. cxb4 axb4 33. a4 Rxd4 34. a5 (34. g3 $5 $17)
34... Ke7 35. a6 Rxh4 36. Rh3 Rc4 37. Rh8 Rc7 $19 0-1

[Event "EU-ch 3rd"]
[Site "Batumi"]
[Date "2002.06.21"]
[Round "9"]
[White "Aronian, Levon"]
[Black "Potkin, Vladimir"]
[Result "1/2-1/2"]
[WhiteElo "2571"]
[BlackElo "2493"]
[Annotator "Finkel,A"]
[PlyCount "37"]
[EventDate "2002.06.12"]
[EventType "swiss"]
[EventRounds "13"]
[EventCountry "GEO"]
[SourceTitle "CBM 090"]
[Source "ChessBase"]
[SourceDate "2002.09.20"]
[SourceVersion "1"]
[SourceVersionDate "2002.09.20"]
[SourceQuality "1"]

1. e4 e6 2. d4 d5 3. Nc3 Bb4 4. e5 Ne7 5. a3 Bxc3+ 6. bxc3 b6 7. Qg4 Ng6 (7...
Kf8 8. Nh3 Ba6 9. Bxa6 Nxa6 10. Nf4 $14) (7... Nf5 $6 8. Bd3 h5 9. Qh3 g5 10.
g4 {[%cal Gh3h8]} Nh4 11. gxh5 f5 12. exf6 Qxf6 13. Qg4 Rg8 14. f4 $16 {
[%csl Rh4]}) 8. h4 h5 9. Qf3 {Modern theory recommends} (9. Qd1 $5 Ba6 (9...
Nxh4 $2 10. g3 $1 Ng6 11. Rxh5 Rxh5 (11... Kd7 12. Bd3 $16) 12. Qxh5 Ba6 13.
Bg5 $16) 10. Bg5 Qd7 (10... Ne7 11. Bxa6 Nxa6 12. Ne2 Nb8 13. Nf4 g6 14. Bf6
Rg8 15. g4 $16 hxg4 16. Qxg4 Nd7 17. Nxe6 $6 $13 {Zuidema-Matanovic Belgrade
1964}) 11. Bxa6 Nxa6 12. Ne2 Qc6 (12... Qa4 13. Rh3 $1) 13. O-O $14 {in both
cases with better play for white; Portisch,L-Ivkov,B/Zagreb 1965}) 9... Nxh4 (
9... Ba6 $6 10. Bxa6 Nxa6 11. Bg5 Qd7 12. a4 Qc6 $6 (12... Nb8 13. Ne2 c5 14.
O-O cxd4 15. cxd4 Nc6 16. Rfd1 Rc8 17. Ng3 Na5 18. Nxh5 $16 {Minic-Bukic
Yugoslavia 1962}) 13. Ne2 Qc4 14. O-O c5 15. Rfd1 $16 {Ivkov,B-Byrne,R/La
Habana 1966}) 10. Qh3 Ng6 (10... Nf5 11. g4 Ne7 (11... Nh6 12. gxh5 Ba6 13.
Bxa6 Nxa6 14. Qg4 Qd7 15. Qxg7 O-O-O $44 {Velimirovic,D-Matulovic,M/Belgrade
1963}) 12. Bg5 (12. gxh5 Ba6 13. Bxa6 Nxa6 14. Bg5 Qd7 15. Bxe7 Qxe7 16. Qd3
Nb8 $15 {Parma,B-Ivkov,B/Zenica 1963}) 12... Ba6 13. Bxa6 Nxa6 14. Qd3 Nb8 15.
Rxh5 Rxh5 16. gxh5 Nbc6 17. Ne2 Kd7 $13 {Minic,D-Susic,I/Titograd 1965}) 11.
Be2 {[%cal Ge2h5] White's idea is to take on h5 with the bishop, but this plan
sems to be too slow an black manages to get sufficient counterchances in the
center.} (11. Bd3 Qd7 12. Qg3 Nc6 13. Bxg6 fxg6 14. Qxg6+ Qf7 15. Qxf7+ Kxf7
16. g4 $1 $16 {Parma,B-Ivkov,B/Bled 1961}) (11. Be3 $5) 11... c5 12. Bxh5 Qc7
13. Qg3 (13. Ne2 Nc6 14. Be3 Ba6 15. Qf3 Bxe2 16. Qxe2 cxd4 17. cxd4 Ncxe5 $1
$13) 13... Nc6 14. Rh2 $6 {Preparing retreat of the bishop.} Rxh5 $5 (14...
cxd4 $5 15. Bxg6 Rxh2 16. Qxh2 fxg6 17. Qh8+ Kd7 18. Qxg7+ Ne7 {[%cal Gc7c3]}
19. Ne2 Ba6 20. Bg5 Re8 $15) 15. Rxh5 cxd4 16. Nf3 Ba6 {All black piieces are
very well placed, which permits black to put a pressure on white pawns in the
center combining it with threats against white king.} (16... dxc3 17. Be3 Ba6
18. Rh7 $14) 17. Bg5 (17. cxd4 $2 Nb4 $1 {[%cal Gc7c3]} 18. axb4 Qc3+ 19. Nd2 (
19. Kd1 Rc8 $1 20. Ra2 Qc4 $1 $17) 19... Qxa1 20. Qa3 Qxa3 21. Bxa3 Rc8 $15) (
17. Bd2 $5) 17... Kd7 18. Rd1 (18. cxd4 $2 Nb4 $1 19. Rc1 Qc3+ 20. Kd1 Qc4 {
[%csl Ge2]}) 18... dxc3 19. Rxd5+ $5 {Forcing a draw.} (19. Rxd5+ exd5 20. Qh3+
Ke8 21. Rh8+ Nxh8 22. Qxh8+ Kd7 23. Qh3+ $11) 1/2-1/2